000 01436nam0a22002651 4500
001 v19\rc\1260245
005 20260406090209.0
035 _a(NLR Aleph) 005198830
090 _a5288720
_c5288720
100 _a20060306d1892 |||y0rusy50 ca
101 0 _arus
102 _aRU
105 _ay z |||||
200 1 _aСлово в день поминовения архимандрита Макария, основателя Алтайской миссии, совершенного в Казанском соборе С.-Петербургским епархиальным комитетом Православного миссионерского общества в память истекшего столетия со дня рождения его
210 _a[Санкт-Петербург]
_cтип. Катанского и К³
_dценз. 1892
215 _a16 с.
300 _aВ конце текста авт.: свящ. М. Соколов
700 1 _8rus
_7ca
_aСоколов
_bМ. И.
_cсвященник
_f1845-1895
_gМихаил Ильич
_3RU\NLR\AUTH\7757441
_940373
702 0 _4570
_8rus
_7ca
_aМакарий
_cГлухарев, Михаил Яковлевич
_cархимандрит
_f1792-1847
_3RU\NLR\AUTH\7713316
_9123008
801 2 _aRU
_bNLR
_c20081211
_2rusmarc
801 0 _aRU
_bNLR
_c20060306
_gpsbo
801 1 _aRU
_bProSoft-M
_c20060306
_2rusmarc
852 _aNLR
_j18.188.2.385
942 _cBOOK
980 _aNB